000 00670nam a2200229Ia 4500
008 160319s9999 xx 000 0 und d
020 _a9712330583
050 _a808.9
050 _b R896p 2001
100 _aRubin, Ligaya Tiamson
245 _aPanitikan sa Pilipinas /
245 _cLigaya Tiamson Rubin,...(et al.)
250 _aUnang edisyon 2001
260 _aManila :
260 _bPublished and distributed by Rex Book Store,
260 _c2001
300 _axxii, 372 pages :
500 _aIncludes bibliographical references(p. 358-370)
650 _aLiterature -- Philippines --
650 _aPanitikan -- Kasaysayan.
650 _xHistory.
999 _c292196
_d292196